LEADER 01352nam a2200277 u 4500 001 000000012605 003 CaOOAMICUS 005 20070226105545.0 008 941010s1951 fr af u000 u fre u 035 $a10304063 040 $aPUL(R)$bita 100 1 $aLot, Ferdinand,$d1866-1952.$0(OLS)http://pul/name/8030 245 13$aLa fin du monde antique et le début du Moyen âge /$cpar Ferdinand Lot. 250 $aEd. revue et corrigée, avec des notes additionnelles ... 260 $aParis :$bA. Michel,$c1951. 300 $axxvi, 559 p., [1] c. di tav. :$bill. ;$c20 cm 490 1 $aEvolution de l'humanité., Synthèse collective.$a2. section ;$v31 650 0$aMiddle Ages$xHistory.$2//eng$0(OLS)http://pul/subject/939 651 0$aRome$xHistory$yEmpire, 30 B.C.-476 A.D.$2//eng$0(OLS)http://pul/subject/3824 651 0$aByzantine Empire$xHistory.$2//eng$0(OLS)http://pul/subject/9373 830 0$aEvolution de l'humanité.$pSynthèse collective.$n2. section ;$v31.$0(OLS)http://pul/title/95 850 $aPUL 852 $aPUL$W1$xDP1 Fondo Cecchetti$y53$m269 B 17$j17809$nBK-PRI$b $qFondi$B17809$CPULBib$Z2$F17809 $HPUL2683 $81 941 1 $a1 996 $6245$aLa fin du monde antique et le début du Moyen âge$9(OLS)http://pul/title/18234 996 $6260$aParis :$bA. Michel$9(OLS)http://pul/publisher/47888 LEADER 01818nam a2200337 a 4500 001 000000158424 003 CaOOAMICUS 005 20170131120933.0 008 170131s2016 it frm z000 u ita r 032 $aLibriCat 040 $aPUL$bita 100 1 $aNicoara, George Marius.$0(OLS)http://pul/name/101175 245 10$aAutobiografia come spiritualità.L'esperienza spirituale di Ignazio di Loyola e di Teresa D' Ávila secondo i loro scritti autobiografici: $b"Hechos del Padre Ignacio" e "Libro de la vida de la madre Teresa"$cGeorge Marius Nicoara. 260 $aRoma :$b[s.n.],$c2016. 300 $a115 p.;$c24 cm 502 $aEstratto da Tesi di Dottorato--Facoltà di Teologia --Pontificia Università Gregoriana, 2016. 504 $aBibliografia: p.[83]-112. 600 04$aIgnatius Loyola,$cs.,$d1491-1556.$0(OLS)http://pul/subject/7052 600 04$aTheresia a Iesu,$cs.,$d1515-1582.$0(OLS)http://pul/subject/17025 710 2 $aPontificia Università Gregoriana.$bFacoltà di teologia.$kTesi.$0(OLS)http://pul/name/81592 850 $aPUL 852 $aPUL$W1$xDP1 Tesi Pon. Univ. Gregoriana$y40$m2016 B 22$j181747$qTesi$B184905$CPULBib$Z2$F184905 $82 941 1 $a16 960 $aIgnatius,$cof Loyola, Saint$d1491-1556$97052 960 $aIgnazio di Loyola,$cs.,$d1491-1556$97052 960 $aTeresa di Gesù,$cs.,$d1515-1582$917025 960 $aTeresa d'Avila,$cs.,$d1515-1582$917025 960 $aTeresia a Iesu,$cs.,$d1515-1582$917025 996 $6245$aAutobiografia come spiritualità.L'esperienza spirituale di Ignazio di Loyola e di Teresa D' Ávila secondo i loro scritti autobiografici: $b"Hechos del Padre Ignacio" e "Libro de la vida de la madre Teresa"$9(OLS)http://pul/title/198045 996 $6260$aRoma :$b[s.n.]$9(OLS)http://pul/publisher/47958